Ekonomická a sociálna dimenzia, infraštruktúra a verejné služby

Gespeichert in:
Bibliographische Detailangaben
1. Verfasser: Rehák, Štefan, 1974-
Weitere Verfasser: Černěnko, Tomáš, 1981-, Buček, Milan, Tvrdoň, Jozef
Format: Buch
Sprache:Slowakisch
Veröffentlicht: [Bratislava] MasterCard slovenské centrá rozvoja 2013
Schlagworte:
Tags: Tag hinzufügen
Keine Tags, Fügen Sie das erste Tag hinzu!

MARC

LEADER 00000nam a2200000 4500
001 0178944
005 20240502073035.5
041 0 |a slo 
044 |a SK 
245 1 0 |a Ekonomická a sociálna dimenzia, infraštruktúra a verejné služby  |c Štefan Rehák, Tomáš Černěnko, Milan Buček, Jozef Tvrdoň 
264 1 |a [Bratislava]  |b MasterCard slovenské centrá rozvoja  |c 2013 
300 |a 135 s.  |e 3 príl. 
610 2 0 |a rozvoj regionálny 
610 2 0 |a regióny 
610 2 0 |a kraje 
610 2 0 |a mestá 
610 2 0 |a infraštruktúra 
610 2 0 |a služby verejné 
100 1 |a Rehák, Štefan, 1974- 
700 1 |a Černěnko, Tomáš, 1981- 
700 1 |a Buček, Milan 
700 1 |a Tvrdoň, Jozef